000 00310nam a2200145Ia 4500
100 _aRidington/R/W/ Tucker/Scott
942 _cRB
654 _aLotus
245 _aInside Lotus 1-2-3 Macros
260 _bBrady
_aNew York
_c1988
082 _a1.642
_bRID
300 _a536
546 _aENGLISH
999 _c26117
_d26117